| 000 | 00385cam a22001337a 4500 | ||
|---|---|---|---|
| 008 | 180718b1961 xxu||||| |||| 00| 0 eng d | ||
| 082 | _aT123x54 Si64i | ||
| 100 | _aSingh, Bright | ||
| 245 |
_aInflationary price trends in India since 1939 _cby Bright Singh |
||
| 260 |
_aBombay _bAsia _c1961 |
||
| 300 | _axiii,307p. | ||
| 650 | _aInflation (Finance) --India | ||
| 650 | _aPrices --India | ||
| 999 |
_c434659 _d434659 |
||